| 000 | 00953nam a2200265 i 4500 | ||
|---|---|---|---|
| 001 | 154517 | ||
| 003 | ES-MaACL | ||
| 005 | 20250812031015.0 | ||
| 008 | 950116q1886 fr a |||| | fre d | ||
| 100 | 1 |
_aGonse, Louis ( _d1846-1921) _9127384 |
|
| 245 | 1 | 2 |
_aL'art japonais / _cpar Louis Gonse. |
| 250 | _aNouvelle éd. corr. | ||
| 260 |
_aParis : _bAncienne Maison Quantin, Librairies-Imprimeries Réunies, _c1886. |
||
| 300 |
_a336 p. : _bil. ; _c21 cm. |
||
| 490 | 1 | _aBibliothèque de l'Enseignement des Beaux-Arts | |
| 530 | _aDisponible en formato digital. | ||
| 596 | _aMarca de ed. en port. | ||
| 596 | _aFecha tomada de contraport. | ||
| 650 | 0 | 7 |
_aArte japonés _2embne _910236 |
| 752 |
_aFrancia - _dParís |
||
| 830 | 0 |
_aBibliothèque de l'Enseignement des Beaux-Arts _9181140 |
|
| 852 |
_aES-MaACL _jB-2505 _z- Enc. tela |
||
| 856 |
_uhttps://archive.org/details/lartjaponais00gons _zInternet Archive |
||
| 999 |
_c154517 _d154517 |
||